AIDS readings on a global crisis

Includes bibliographies and index; Neal A. Newfield, Ph.D., LICSW (Giver)

保存先:
書誌詳細
第一著者: Bethel, Elizabeth Rauh
フォーマット: 図書
言語:Undetermined
出版事項: Boston Allyn & Bacon 1995
主題:
オンライン・アクセス:http://lrc.tdmu.edu.vn/opac/search/detail.asp?aID=2&ID=32103
タグ: タグ追加
タグなし, このレコードへの初めてのタグを付けませんか!
Thư viện lưu trữ: Trung tâm Học liệu Trường Đại học Thủ Dầu Một
LEADER 00751nam a2200217Ia 4500
001 TDMU_32103
008 210410s9999 xx 000 0 und d
082 |a 302 
090 |b B207 
100 |a Bethel, Elizabeth Rauh 
245 0 |a AIDS 
245 0 |b readings on a global crisis 
245 0 |c Elizabeth Rauh Bethel 
260 |a Boston 
260 |b Allyn & Bacon 
260 |c 1995 
300 |a xvi, 380 p. 
520 |a Includes bibliographies and index; Neal A. Newfield, Ph.D., LICSW (Giver)  |d 2017 
650 |a AIDS (Disease)  |x Social aspects; AIDS (Bệnh tật)  |x Khía cạnh xã hội 
856 |u http://lrc.tdmu.edu.vn/opac/search/detail.asp?aID=2&ID=32103 
980 |a Trung tâm Học liệu Trường Đại học Thủ Dầu Một